[Event "Mumbai Aurionpro U14 op"]
[Site "Mumbai"]
[Date "2025.06.19"]
[Round "4"]
[White "Ayaan, Trikha"]
[Black "Jagreet, Misra"]
[Result "1/2-1/2"]
[WhiteElo "1817"]
[BlackElo "1971"]
[PlyCount "67"]
[EventDate "2025.06.16"]
[EventType "swiss"]
[EventRounds "9"]
[EventCountry "IND"]
[SourceTitle "CB26_2025"]
[SourceDate "2025.06.25"]
[SourceVersion "1"]
[SourceVersionDate "2025.06.25"]
[SourceQuality "1"]

1. d4 d5 2. c4 e6 3. Nf3 Nf6 4. g3 Bb4+ 5. Bd2 a5 6. Bg2 0-0 7. 0-0 dxc4 8. Bxb4 axb4 9. Ne5 Nc6 10. Nxc6 bxc6 11. Bxc6 Ra5 12. e3 Ba6 13. Re1 Qd6 14. Bg2 c5 15. dxc5 Qxc5 16. Nd2 Rc8 17. Qc2 Bb5 18. Rec1 Qa7 19. Bf1 c3 20. Bxb5 Rxb5 21. a3 Ra8 22. Nb3 cxb2 23. Qxb2 bxa3 24. Rxa3 Qb7 25. Rxa8+ Qxa8 26. Qc2 h6 27. Qc8+ Qxc8 28. Rxc8+ Kh7 29. Nd4 Rb7 30. Rc2 Ra7 31. Rc8 Rb7 32. Rc2 Ra7 33. Rc8 Rb7 34. Rc2 1/2-1/2

[Event "Mumbai Aurionpro U14 op"]
[Site "Mumbai"]
[Date "2025.06.17"]
[Round "2"]
[White "Arav, Vinod"]
[Black "Jagreet, Misra"]
[Result "1/2-1/2"]
[WhiteElo "1720"]
[BlackElo "1971"]
[PlyCount "83"]
[EventDate "2025.06.16"]
[EventType "swiss"]
[EventRounds "9"]
[EventCountry "IND"]
[SourceTitle "CB26_2025"]
[SourceDate "2025.06.25"]
[SourceVersion "1"]
[SourceVersionDate "2025.06.25"]
[SourceQuality "1"]

1. d4 d5 2. Nf3 Nf6 3. c3 e6 4. Bf4 c5 5. e3 Nc6 6. Nbd2 cxd4 7. exd4 Nh5 8. Be3 Bd6 9. g3 Nf6 10. h3 0-0 11. Bg2 a5 12. a4 b6 13. 0-0 Ba6 14. Re1 Rc8 15. Qb3 h6 16. Nh2 Ne7 17. f4 Qc7 18. Nhf3 Ne4 19. Bf2 Nf5 20. Nxe4 dxe4 21. Rxe4 Bb7 22. Ree1 Bd5 23. Qd1 Qb7 24. Rc1 b5 25. axb5 Qxb5 26. Qe2 Bc4 27. Qd2 f6 28. Bf1 Bxf1 29. Rxf1 g5 30. fxg5 fxg5 31. c4 Qd7 32. Qe1 Nh4 33. Nxh4 gxh4 34. g4 Rb8 35. Qe4 Bf4 36. Qg6+ Qg7 37. Qxg7+ Kxg7 38. Rc2 Rb3 39. Kg2 Bc7 40. d5 exd5 41. cxd5 Be5 42. Bxh4 1/2-1/2

[Event "Sharjah Masters-B 8th"]
[Site "Sharjah"]
[Date "2025.05.24"]
[Round "8"]
[White "Jagreet, Misra"]
[Black "Ahmad, Al Khatib"]
[Result "0-1"]
[WhiteElo "1999"]
[BlackElo "2283"]
[PlyCount "108"]
[EventDate "2025.05.17"]
[EventType "swiss"]
[EventRounds "9"]
[EventCountry "UAE"]
[SourceTitle "CB22_2025"]
[SourceDate "2025.05.28"]
[SourceVersion "1"]
[SourceVersionDate "2025.05.28"]
[SourceQuality "1"]

1. d4 Nf6 2. c4 e6 3. Nf3 Bb4+ 4. Bd2 a5 5. a3 Bxd2+ 6. Qxd2 b6 7. Nc3 Bb7 8. g3 Bxf3 9. exf3 d5 10. f4 0-0 11. Bg2 Nc6 12. 0-0 Qd7 13. f5 dxc4 14. fxe6 fxe6 15. d5 Ne7 16. Rad1 Rad8 17. Bh3 Nexd5 18. Nxd5 Nxd5 19. Qe2 Rf6 20. Qxc4 Re8 21. Rfe1 c6 22. Rc1 c5 23. Rcd1 Qf7 24. Bxe6 Rfxe6 25. Rxe6 Rxe6 26. Qxd5 Re1+ 27. Kg2 Qxd5+ 28. Rxd5 Rb1 29. Rd2 Kf7 30. Kf3 Ke6 31. Kf4 a4 32. h4 b5 33. h5 b4 34. axb4 cxb4 35. f3 b3 36. Rd4 Ra1 37. Rb4 Kd5 38. Kg5 Kc5 39. Rb7 Ra2 40. Ra7 Kc6 41. Ra8 Ra1 42. h6 g6 43. Kf6 a3 44. bxa3 b2 45. Rb8 b1Q 46. Rxb1 Rxb1 47. g4 Rb7 48. g5 Kd7 49. Kf7 Rb5 50. Kg7 Ke7 51. f4 Rf5 52. Kxh7 Kf7 53. a4 Rxf4 54. a5 Ra4 0-1

[Event "Goa op"]
[Site "Taleigao"]
[Date "2025.01.11"]
[Round "1"]
[White "Jagreet, Misra"]
[Black "Neelash, Saha"]
[Result "1/2-1/2"]
[WhiteElo "2027"]
[BlackElo "2490"]
[PlyCount "95"]
[EventDate "2025.01.11"]
[EventType "swiss"]
[EventRounds "10"]
[EventCountry "IND"]
[SourceTitle "CB04_2025"]
[SourceDate "2025.01.22"]
[SourceVersion "1"]
[SourceVersionDate "2025.01.22"]
[SourceQuality "1"]

1. d4 Nf6 2. c4 e6 3. g3 Bb4+ 4. Bd2 c5 5. Nf3 0-0 6. Bg2 Qb6 7. 0-0 cxd4 8. Bxb4 Qxb4 9. Qxd4 Nc6 10. Qc3 Qc5 11. a3 a5 12. b4 Qb6 13. b5 Ne7 14. a4 Qc7 15. Rc1 d6 16. Nbd2 b6 17. e4 e5 18. Qd3 h6 19. Ne1 Be6 20. Nc2 Nd7 21. Ne3 Nc5 22. Qe2 Rfc8 23. h3 Ra7 24. Nd5 Qd8 25. Qe3 Ng6 26. h4 Nf8 27. Nb3 Nxb3 28. Qxb3 Rc5 29. Ne3 Rd7 30. Rd1 g5 31. hxg5 Qxg5 32. Rd3 Ng6 33. Rad1 Qd8 34. Qa2 Ne7 35. Qd2 Nc8 36. f4 Rdc7 37. f5 Bxc4 38. Nxc4 Rxc4 39. Qxh6 f6 40. g4 Rh7 41. Qg6+ Rg7 42. Qh6 Kf7 43. Qh5+ Ke7 44. g5 Rxg5 45. Qh7+ Kf8 46. Qh8+ Rg8 47. Qh6+ Kf7 48. Qh5+ 1/2-1/2

[Event "Barcelona Sant Marti op-A 24th"]
[Site "Barcelona"]
[Date "2024.07.20"]
[Round "8"]
[White "Jagreet, Misra"]
[Black "Gonzalez Alonso, Marti"]
[Result "1-0"]
[WhiteElo "2009"]
[BlackElo "2059"]
[PlyCount "73"]
[EventDate "2024.07.13"]
[EventType "swiss"]
[EventRounds "9"]
[EventCountry "ESP"]
[SourceTitle "CBM 221 Extra"]
[Source "ChessBase"]
[SourceDate "2024.09.30"]
[SourceVersion "1"]
[SourceVersionDate "2024.09.30"]
[SourceQuality "1"]

1. d4 d5 2. Bf4 Nf6 3. e3 e6 4. Nf3 c5 5. Nbd2 Bd6 6. Bg3 Qc7 7. c3 Nbd7 8. Bd3 0-0 9. Qe2 e5 10. dxe5 Nxe5 11. Nxe5 Bxe5 12. Nf3 Bxg3 13. hxg3 Bg4 14. 0-0-0 h6 15. Qc2 Rad8 16. Bf5 b5 17. Bxg4 Nxg4 18. Rh4 Nf6 19. g4 Ne4 20. Rh5 Nf6 21. Rh4 Ne4 22. Rh5 Qb7 23. g5 a5 24. gxh6 g6 25. Rh4 b4 26. h7+ Kh8 27. c4 Nf6 28. b3 Kg7 29. Qb2 dxc4 30. Rxd8 Rxd8 31. bxc4 Qc6 32. Qe5 a4 33. Ng5 b3 34. axb3 axb3 35. Ne4 Rh8 36. Kb2 Qa6 37. Qxf6+ 1-0